| 000 | 00493nam a2200193Ia 4500 | ||
|---|---|---|---|
| 003 | GCL | ||
| 008 | 140319s9999 xx 000 0 aRus d | ||
| 040 |
_aGCL / _cGCL |
||
| 082 | 0 | 4 |
_a861 _bE P |
| 100 | 1 | _aESTRADA, FRANCISCO LOPEZ | |
| 245 | 1 | 0 |
_aPOEMA DEL CID / _cESTRADA, FRANCISCO LOPEZ |
| 260 |
_a[S.N] : _bEDITORIAL CASTALIA ، _c1991 |
||
| 300 | _a158 | ||
| 650 | 0 | 4 | _aLITERATURE |
| 650 | 0 | 4 | _aPOETRY |
| 650 | 0 | 4 | _aSPANISH LITERATURE |
| 650 | 0 | 4 | _aSPANISH POETRY |
| 942 |
_2ddc _cBK |
||
| 999 |
_c12786 _d12786 |
||